000 00447nam a2200193Ia 4500
008 151119s9999||||xx |||||||||||||| ||und||
082 _a823
082 _bGKKV25202
100 _aDEAN R KOONTZ
245 _aTHE VOICE OF THE NIGHT
260 _a---
260 _b---
260 _c1980
600 _aDEAN R KOONTZ
630 _aTHE VOICE OF THE NIGHT
700 _aDEAN R KOONTZ
730 _aTHE VOICE OF THE NIGHT
942 _cBOOK
999 _c1077743
_d1077740